[Event "5th EKA IIFL Investment 2019"]
[Site "Mumbai"]
[Date "2020.01.04"]
[Round "6.28"]
[White "Pandey Srishti"]
[Black "Abdisalimov, Abdimalik"]
[Result "0-1"]
[WhiteElo "2162"]
[BlackElo "2394"]
[Annotator "ChessBase"]
[PlyCount "102"]
[EventDate "2019.12.30"]
[EventType "swiss"]
[EventCountry "IND"]
[SourceTitle "playchess.com"]
[Source "ChessBase"]
[SourceQuality "1"]
[TimeControl "40/5400+30:1800+30"]

1. d4 {[%emt 0:00:00]} Nf6 {[%emt 0:04:08]} 2. c4 {[%emt 0:00:00]} e6 {[%emt 0:00:05]} 3. Nf3 {[%emt 0:00:00]} c5 {[%emt 0:00:49]} 4. d5 {[%emt 0:00:00]} exd5 {[%emt 0:00:03]} 5. cxd5 {[%emt 0:00:00]} Bd6 {[%emt 0:00:06]} 6. Nc3 {[%emt 0:00:14]} O-O {[%emt 0:00:06]} 7. g3 {[%emt 0:00:02]} Re8 {[%emt 0:00:10]} 8. Bg2 {[%emt 0:00:05]} Bc7 {[%emt 0:01:12]} 9. O-O {[%emt 0:00:06]} d6 {[%emt 0:00:03]} 10. Nd2 {[%emt 0:00:21]} a6 {[%emt 0:00:05]} 11. a4 {[%emt 0:00:07]} Nbd7 {[%emt 0:00:07]} 12. Nc4 {[%emt 0:00:41]} Rb8 {[%emt 0:00:04]} 13. Bf4 Nf8 {[%emt 0:00:05]} 14. a5 {[%emt 0:02:58]} Ng6 {[%emt 0:00:04]} 15. Bd2 {[%emt 0:01:06]} Ng4 {[%emt 0:03:16]} 16. f4 {[%emt 0:04:29]} f5 {[%emt 0:01:08]} 17. Qc2 {[%emt 0:19:32]} Bd7 {[%emt 0:01:19]} 18. e4 {[%emt 0:11:20]} Qf6 {[%emt 0:00:41]} 19. Ne3 {[%emt 0:00:06]} Qd4 {[%emt 0:02:08]} 20. Rfe1 {[%emt 0:00:15]} fxe4 {[%emt 0:03:23]} 21. h3 {[%emt 0:04:58]} Nf6 {[%emt 0:03:38]} 22. Ra3 {[%emt 0:01:01]} c4 {[%emt 0:05:24]} 23. Kh2 {[%emt 0:08:12]} b5 {[%emt 0:01:47]} 24. axb6 {[%emt 0:01:11]} Rxb6 {[%emt 0:00:19]} 25. Bf1 {[%emt 0:05:16]} Rb3 {[%emt 0:06:38]} 26. Rxa6 {[%emt 0:06:45]} Reb8 {[%emt 0:01:58]} 27. Nxc4 {[%emt 0:00:54]} Qf2+ {[%emt 0:07:44]} 28. Bg2 {[%emt 0:01:59]} R8b4 {[%emt 0:05:28]} 29. Re2 {[%emt 0:08:47]} Qd4 {[%emt 0:02:45]} 30. Ra8+ {[%emt 0:00:32]} Bb8 {[%emt 0:02:28]} 31. Nxd6 {[%emt 0:03:23]} Rxb2 {[%emt 0:00:19]} 32. Ncb5 {[%emt 0:03:19]} Rxb5 {[%emt 0:07:41]} 33. Nxb5 {[%emt 0:00:09]} Rxb5 {[%emt 0:00:04]} 34. Qc7 Qb2 {[%emt 0:02:43]} 35. Qc4 {[%emt 0:04:59]} Qb3 {[%emt 0:15:08]} 36. Qxb3 {[%emt 0:00:56]} Rxb3 {[%emt 0:00:01]} 37. Bxe4 {[%emt 0:03:42]} Nxe4 {[%emt 0:03:59]} 38. Rxe4 {[%emt 0:00:02]} Rb2 {[%emt 0:00:20]} 39. Re2 {[%emt 0:01:15]} Kf7 {[%emt 0:00:29]} 40. Rg2 {[%emt 0:00:00]} Ne7 {[%emt 0:00:00]} 41. Ba5 {[%emt 0:12:28]} Rb5 {[%emt 0:03:33]} 42. Rd2 {[%emt 0:00:14]} Nxd5 {[%emt 0:12:52]} 43. Rxb8 {[%emt 0:00:37]} Rxa5 {[%emt 0:02:25]} 44. Rd8 {[%emt 0:00:42]} Bc6 {[%emt 0:02:08]} 45. Rc8 {[%emt 0:03:05]} Be8 {[%emt 0:07:30]} 46. Rb8 {[%emt 0:08:38]} h5 {[%emt 0:00:40]} 47. Rb7+ {[%emt 0:01:49]} Kf8 {[%emt 0:02:14]} 48. Rc2 {[%emt 0:02:46]} Ra8 {[%emt 0:01:54]} 49. f5 {[%emt 0:04:50]} Ne3 {[%emt 0:02:43]} 50. Rf2 {[%emt 0:01:08]} Bc6 {[%emt 0:02:06]} 51. Rb3 {[%emt 0:01:25]} Ra1 {[%emt 0:00:17]} 0-1

[Event "5th EKA IIFL Investment 2019"]
[Site "Mumbai"]
[Date "2020.01.04"]
[Round "6.29"]
[White "Tiwari, Arjun"]
[Black "Eraschenkov, Denis"]
[Result "0-1"]
[WhiteElo "2101"]
[BlackElo "2386"]
[Annotator "TA"]
[PlyCount "50"]
[EventDate "2019.12.30"]
[EventType "swiss"]
[EventCountry "IND"]
[SourceTitle "playchess.com"]
[Source "ChessBase"]
[SourceQuality "1"]

{[%evp 9,78,-6,14,11,20,20,17,9,22,14,35,9,10,-12,-18,-90,-106,-103,-78,-46,-41,-53,-51,-58,-76,-87,-73,-81,-57,-71,-40,-34,-29,-42,-14,-218,-218,-265,-250,-269,-270,-214,-197,-452,-434,-449,-439,-421,-340,-325,-334,-335,-306,-482,-470,-444,-335,-332,-329,-512,-321,-872,-872,-872,-850,-871,-864,-841,-834,-682,-667]} 1. e4 e6 2. Qe2 Nc6 3. g3 (3. Nf3 e5 4. c3 d6 5. d4 g6 6. Bg5 Be7 7. Be3 Bf6 8. h3 Bg7 9. Qc2 Nf6 10. Nbd2 O-O 11. Bb5 Bd7 12. Bxc6 exd4 13. cxd4 Bxc6 {1-0 (24) Yakubboev,N (2556)-Antipov,M (2589) St Petersburg 2018}) 3... e5 4. Bg2 Bc5 5. c3 d6 6. b4 $146 {C00: French: Unusual White 2nd moves} ({Predecessor:} 6. Nf3 Nf6 7. O-O O-O 8. b4 Bb6 9. a4 a5 10. b5 Nb8 11. Na3 {0-1 (39) Cristobal,R (2342)-Bauza,A (2290) Mar del Plata 2001}) 6... Bb6 7. a4 {[#] Black must now prevent a5.} a6 8. Na3 {The position is equal.} f5 9. exf5 Nf6 10. Nf3 Bxf5 11. O-O O-O 12. Nc4 (12. d3 $11) 12... e4 $17 13. Ng5 {[%cal Rg5e4]} d5 {Hoping for ...Bg4.} 14. Nxb6 cxb6 15. f3 {[%cal Rf3e4]} h6 $1 {[%cal Rh6g5]} 16. fxe4 Bg4 $36 {[%mdl 2048] Black is in control.} 17. Bf3 Bxf3 18. Nxf3 dxe4 ({Much worse is} 18... Nxe4 $6 19. Bb2 $11) 19. Nh4 Qd3 20. Qxd3 exd3 21. Ba3 $1 {Strongly threatening b5.} b5 22. c4 $2 (22. Rae1 $11 {and White stays safe.}) 22... Nd4 $19 23. cxb5 axb5 {[%cal Ba6b5,Bb5a4,Ba4a3][%mdl 32]} 24. Ng6 Rfe8 25. Bb2 Nb3 {Played: Nd4-c2} 0-1

[Event "5th EKA IIFL Investment 2019"]
[Site "Mumbai"]
[Date "2020.01.04"]
[Round "6.30"]
[White "Sammed Jaykumar, Shete"]
[Black "Harshad S"]
[Result "1/2-1/2"]
[WhiteElo "2381"]
[BlackElo "2314"]
[Annotator "TA"]
[PlyCount "81"]
[EventDate "2019.12.30"]
[EventType "swiss"]
[EventCountry "IND"]
[SourceTitle "playchess.com"]
[Source "ChessBase"]
[SourceQuality "1"]

{[%evp 13,81,18,29,29,36,39,65,65,60,62,77,72,70,78,68,63,59,47,69,65,85,70,127,106,122,130,112,95,96,122,182,15,14,0,91,83,69,88,54,7,0,12,6,0,0,-12,-12,-15,-14,-12,-5,-16,0,-10,-13,-14,0,0,0,0,0,-9,-16,-17,-17,-175,-173,-151,-151,-181]} 1. d4 Nf6 2. c4 e6 3. Nc3 Bb4 4. Qc2 d5 5. cxd5 exd5 6. Bg5 h6 7. Bh4 c5 8. dxc5 {E35: Nimzo-Indian: Classical: 4...d5 5 cxd5 exd5} g5 9. Bg3 Qa5 {...Ne4 is the strong threat.} (9... Ne4 10. Bxb8 Bxc3+ 11. bxc3 Rxb8 12. Qa4+ Ke7 13. Qd4 b6 14. c6 Be6 15. e3 Qd6 16. f3 Nc5 17. Ne2 Qxc6 {1-0 (42) Mamedyarov,S (2772)-Giri,A (2776) Bucharest 2019}) 10. Be5 {White is slightly better.} Nbd7 11. Bd4 $1 ({Avoid the trap} 11. Qf5 $2 Ne4 $19) 11... Bxc5 12. e3 Bxd4 13. exd4 Ne4 14. Bd3 Ndf6 15. Nge2 Be6 16. O-O $146 Rc8 17. f3 Nd6 ({Black should play} 17... Nxc3 $1 $14 18. Nxc3 Qb6) 18. Rae1 Kf8 19. f4 {Threatens to win with fxg5.} Nfe4 20. Bxe4 dxe4 21. Ng3 Qb6 {[#]} (21... Bc4 $16) 22. Kh1 $2 (22. Qf2 $1 $18) 22... Bc4 $11 23. Rg1 Qxd4 (23... e3 $11) 24. Ngxe4 {Hoping for Rd1.} Bd3 25. Qd1 $1 Rd8 {[%cal Rd6e4]} 26. Nc5 Qxc5 27. Qxd3 Kg7 28. Rgf1 Rhe8 29. Rxe8 Rxe8 30. fxg5 hxg5 31. Qf3 Qe5 32. h3 Re6 33. Qg4 Kg6 34. h4 Rf6 (34... b5 {is more complex.} 35. Qxg5+ Qxg5 36. hxg5 Kxg5 37. Kg1 a6) 35. Rxf6+ Qxf6 36. hxg5 Qxg5 37. Qxg5+ Kxg5 {KN-KN} 38. Kg1 Kf4 39. Kf1 $2 (39. Kf2 $11 {and White stays safe.}) 39... Ke3 $19 40. Ke1 {[#]} Kd3 $1 41. Kd1 {Accuracy: White = 48%, Black = 56%.} 1/2-1/2

[Event "5th EKA IIFL Investment 2019"]
[Site "Mumbai"]
[Date "2020.01.04"]
[Round "6.31"]
[White "Barath Kalyan M"]
[Black "Manik, Mikulas"]
[Result "0-1"]
[WhiteElo "2091"]
[BlackElo "2379"]
[Annotator "ChessBase"]
[PlyCount "79"]
[EventDate "2019.12.30"]
[EventType "swiss"]
[EventCountry "IND"]
[SourceTitle "playchess.com"]
[Source "ChessBase"]
[SourceQuality "1"]
[TimeControl "40/5400+30:1800+30"]

1. c4 {[%emt 0:00:04]} g6 {[%emt 0:00:00]} 2. Nc3 {[%emt 0:00:23]} Bg7 {[%emt 0:00:00]} 3. g3 {[%emt 0:00:29]} Nf6 {[%emt 0:00:00]} 4. Bg2 {[%emt 0:00:07]} O-O {[%emt 0:00:06]} 5. e4 {[%emt 0:00:11]} c5 {[%emt 0:00:21]} 6. Nge2 {[%emt 0:00:14]} Nc6 {[%emt 0:00:09]} 7. O-O {[%emt 0:00:12]} d6 {[%emt 0:00:14]} 8. d3 {[%emt 0:00:07]} e5 {[%emt 0:06:13]} 9. h3 {[%emt 0:00:40]} Nd4 {[%emt 0:01:27]} 10. Be3 {[%emt 0:03:41]} Nh5 {[%emt 0:03:36]} 11. g4 {[%emt 0:04:44]} Nxe2+ {[%emt 0:01:46]} 12. Nxe2 {[%emt 0:00:52]} Nf4 {[%emt 0:01:18]} 13. Nxf4 {[%emt 0:00:36]} exf4 {[%emt 0:00:02]} 14. Bxf4 {[%emt 0:00:09]} Bxb2 {[%emt 0:00:04]} 15. Rb1 {[%emt 0:00:12]} Bg7 {[%emt 0:02:42]} 16. Qd2 {[%emt 0:03:39]} Rb8 {[%emt 0:01:20]} 17. Bh6 {[%emt 0:01:54]} f5 {[%emt 0:02:54]} 18. exf5 {[%emt 0:04:24]} gxf5 {[%emt 0:00:06]} 19. Bd5+ {[%emt 0:00:48]} Kh8 {[%emt 0:00:03]} 20. Bxg7+ {[%emt 0:27:50]} Kxg7 {[%emt 0:00:19]} 21. g5 {[%emt 0:15:22]} f4 {[%emt 0:02:51]} 22. Qc3+ {[%emt 0:03:03]} Kg6 {[%emt 0:00:17]} 23. Kh2 {[%emt 0:01:27]} Qd7 {[%emt 0:05:12]} 24. d4 {[%emt 0:05:51]} Qg7 {[%emt 0:02:24]} 25. Rbd1 {[%emt 0:05:32]} Bf5 {[%emt 0:04:45]} 26. Qf3 {[%emt 0:02:19]} cxd4 {[%emt 0:01:01]} 27. Rde1 {[%emt 0:05:31]} Rbe8 {[%emt 0:03:57]} 28. Qxf4 {[%emt 0:00:34]} Re5 {[%emt 0:00:21]} 29. Qxd4 {[%emt 0:05:02]} b6 {[%emt 0:03:21]} 30. Rxe5 {[%emt 0:02:24]} Qxe5+ {[%emt 0:00:23]} 31. Qxe5 {[%emt 0:00:11]} dxe5 {[%emt 0:00:05]} 32. Re1 {[%emt 0:00:35]} Kxg5 {[%emt 0:00:19]} 33. Rxe5 {[%emt 0:00:11]} Kf6 {[%emt 0:00:21]} 34. Re3 {[%emt 0:00:12]} Rc8 {[%emt 0:00:34]} 35. Kg3 {[%emt 0:00:09]} Rc5 {[%emt 0:00:09]} 36. Kf4 {[%emt 0:00:50]} b5 {[%emt 0:00:08]} 37. Re8 {[%emt 0:01:25]} Bg6 {[%emt 0:02:40]} 38. Re6+ {[%emt 0:03:07]} Kg7 {[%emt 0:00:12]} 39. Ke5 {[%emt 0:00:21]} bxc4 {[%emt 0:00:06]} 40. Kd4 0-1

[Event "5th EKA IIFL Investment 2019"]
[Site "Mumbai"]
[Date "2020.01.04"]
[Round "6.32"]
[White "Zysk, Robert"]
[Black "Sri Sai Baswanth P"]
[Result "1-0"]
[WhiteElo "2403"]
[BlackElo "2027"]
[Annotator "ChessBase"]
[PlyCount "53"]
[EventDate "2019.12.30"]
[EventType "swiss"]
[EventCountry "IND"]
[SourceTitle "playchess.com"]
[Source "ChessBase"]
[SourceQuality "1"]
[TimeControl "40/5400+30:1800+30"]

1. Nf3 {[%emt 0:00:00]} g6 {[%emt 0:00:04]} 2. e4 {[%emt 0:00:01]} Bg7 {[%emt 0:00:06]} 3. d4 {[%emt 0:00:10]} d6 {[%emt 0:00:05]} 4. Nc3 {[%emt 0:01:45]} c6 {[%emt 0:00:05]} 5. a4 {[%emt 0:01:39]} Nf6 {[%emt 0:00:06]} 6. Be2 {[%emt 0:00:45]} O-O {[%emt 0:00:07]} 7. O-O {[%emt 0:00:32]} Nbd7 {[%emt 0:00:14]} 8. Bf4 {[%emt 0:07:02]} Qc7 {[%emt 0:02:43]} 9. Nd2 {[%emt 0:04:48]} e5 {[%emt 0:04:11]} 10. dxe5 {[%emt 0:01:25]} Nxe5 {[%emt 0:00:20]} 11. Nc4 {[%emt 0:12:49]} Ne8 {[%emt 0:02:28]} 12. Nxe5 {[%emt 0:10:56]} dxe5 {[%emt 0:00:08]} 13. Be3 {[%emt 0:00:14]} Be6 {[%emt 0:00:15]} 14. a5 {[%emt 0:00:32]} Nd6 {[%emt 0:01:31]} 15. b3 {[%emt 0:03:24]} Rfd8 {[%emt 0:02:25]} 16. Qc1 {[%emt 0:01:15]} c5 {[%emt 0:03:42]} 17. Rd1 {[%emt 0:03:34]} Qc6 {[%emt 0:00:58]} 18. f3 {[%emt 0:01:11]} Rac8 {[%emt 0:06:48]} 19. Nd5 {[%emt 0:01:56]} Bxd5 {[%emt 0:01:05]} 20. Rxd5 {[%emt 0:00:18]} b6 {[%emt 0:09:41]} 21. Qd2 {[%emt 0:04:37]} f6 {[%emt 0:01:11]} 22. Bc4 {[%emt 0:10:48]} Kf8 {[%emt 0:00:20]} 23. Rd1 {[%emt 0:03:32]} Nf7 {[%emt 0:00:25]} 24. Rd7 {[%emt 0:01:25]} Rxd7 {[%emt 0:02:05]} 25. Qxd7 {[%emt 0:00:15]} Rc7 {[%emt 0:01:13]} 26. Qxc6 {[%emt 0:00:57]} Rxc6 {[%emt 0:00:05]} 27. Rd7 {[%emt 0:00:47]} 1-0

[Event "5th EKA IIFL Investment 2019"]
[Site "Mumbai"]
[Date "2020.01.04"]
[Round "6.33"]
[White "Lokesh, N.."]
[Black "Fedorov, Alexei"]
[Result "1/2-1/2"]
[WhiteElo "2240"]
[BlackElo "2562"]
[Annotator "TA"]
[PlyCount "117"]
[EventDate "2019.12.30"]
[EventType "swiss"]
[EventCountry "IND"]
[SourceTitle "playchess.com"]
[Source "ChessBase"]
[SourceQuality "1"]

{[%evp 15,117,26,22,9,16,9,37,31,34,3,30,18,24,-75,-75,-79,-34,-23,-6,-8,0,-33,-32,-39,-40,-35,-35,-30,-29,-39,-8,-8,-8,-8,-8,-8,-8,-10,-12,-11,-10,-15,0,-18,0,0,0,0,0,0,0,0,0,0,0,0,8,12,12,7,40,18,14,18,49,41,32,30,70,58,99,87,98,54,38,38,52,37,51,27,39,0,0,0,0,0,0,0,0,0,0,0,8,8,8,0,0,0,0,0,0,0,0,0]} 1. e4 c5 2. Nf3 Nc6 3. Nc3 d6 4. d4 cxd4 5. Nxd4 e5 6. Nf3 h6 7. Bc4 Nf6 8. O-O Be7 9. Qe2 {B32: Sicilian: Löwenthal and Kalashnikov Variations} O-O 10. Rd1 Be6 11. Nd5 {White is slightly better.} Rc8 12. b3 $146 ({Predecessor:} 12. c3 Kh8 13. Nxf6 Bxf6 14. Bd5 Qc7 15. Be3 b6 16. Qd2 Bxd5 17. Qxd5 {0-1 (53) Michalik,P (2576)-Jurcik,M (2481) Czechia 2014}) 12... Bxd5 13. Bxd5 Nb4 14. Bxb7 (14. Bc4 $11 {remains equal.}) 14... Rxc2 $17 15. Qb5 Qc7 (15... Nxa2 $5 {[%cal Rd8c7]} 16. Bd2 Qc7 $17) 16. Qxb4 Rb8 17. Ne1 Rc6 18. Ba3 Rxb7 19. Qa4 Rbb6 20. Rac1 Qb7 21. Rxc6 Rxc6 22. f3 $1 h5 (22... a5 $5) 23. Rc1 Rxc1 (23... Ra6 $5 24. Qb4 $8 Qxb4 25. Bxb4 Rxa2 $11) 24. Bxc1 d5 25. exd5 $1 Bc5+ 26. Kf1 Qxd5 27. Qc4 Qd6 28. Nd3 Bb6 29. Bg5 Nh7 30. Bd2 e4 31. Qxe4 Nf6 32. Qc4 Qxh2 {[#] Hoping for ...Qg1+.} 33. Qc8+ Kh7 34. Qf5+ Kh8 35. Qc8+ Ng8 {White must now prevent ...Qh1+.} 36. Nf2 Qe5 37. Qc3 Bd4 (37... Qd5 {seems wilder.} 38. Ne4 Nh6 39. a4 Nf5 40. a5 Bd8) 38. Qa5 (38. Qc4 {with more complications.} Nf6 39. Qxf7 Bxf2 40. Kxf2 Qd4+ 41. Ke2) 38... Qxa5 39. Bxa5 $11 {[%mdl 4096] Endgame KBN-KBN} Nf6 40. Bd2 Nd5 41. Ke2 Bc3 42. Bc1 $1 f5 43. Nh3 Bf6 44. a3 Kg8 45. Kd3 Kf7 46. Kc4 Ke6 $1 47. b4 Kd6 48. Nf4 Bg5 {The position is equal.} 49. Nxd5 Bxc1 {KB-KN} 50. a4 g5 {Strongly threatening ...h4.} 51. b5 Bd2 52. b6 $1 {[%cal Rb6a7]} axb6 53. Nxb6 g4 {[#] ...gxf3 is the strong threat.} 54. Kd3 gxf3 55. gxf3 Bf4 56. Ke2 h4 57. Kf2 $1 h3 {aiming for ...Be3+!} 58. a5 Kc6 59. Nc8 {Accuracy: White = 68%, Black = 59%.} 1/2-1/2

[Event "5th EKA IIFL Investment 2019"]
[Site "Mumbai"]
[Date "2020.01.04"]
[Round "6.34"]
[White "Navalgund, Niranjan"]
[Black "Konguvel, Ponnuswamy"]
[Result "0-1"]
[WhiteElo "2231"]
[BlackElo "2367"]
[Annotator "RC"]
[PlyCount "146"]
[EventDate "2019.12.30"]
[EventType "swiss"]
[EventCountry "IND"]
[SourceTitle "playchess.com"]
[Source "ChessBase"]
[SourceQuality "1"]
[TimeControl "40/5400+30:1800+30"]

1. d4 {[%emt 0:00:00]} Nf6 {[%emt 0:00:00]} 2. c4 {[%emt 0:00:00]} g6 {[%emt 0:00:08]} 3. Nc3 {[%emt 0:00:00]} d5 {[%emt 0:00:10]} 4. cxd5 {[%emt 0:00:00]} Nxd5 {[%emt 0:00:06]} 5. e4 {[%emt 0:00:00]} Nxc3 {[%emt 0:00:07]} 6. bxc3 {[%emt 0:00:00]} Bg7 {[%emt 0:00:12]} 7. Bc4 {[%emt 0:00:00]} c5 {[%emt 0:00:53]} 8. Ne2 {[%emt 0:00:00]} Nc6 {[%emt 0:00:45]} 9. Be3 {[%emt 0:00:00]} O-O {[%emt 0:00:26]} 10. O-O {[%emt 0:00:01]} Bg4 {[%emt 0:10:23]} 11. f3 {[%emt 0:00:13]} Bd7 {[%emt 0:00:22]} 12. Rb1 {[%emt 0:00:11]} Qc7 {[%emt 0:00:27]} 13. Qd2 {[%emt 0:00:28]} Rad8 {[%emt 0:10:03]} 14. Rfc1 {[%emt 0:03:09]} Bc8 {[%emt 0:06:52]} 15. Qe1 {[%emt 0:01:56]} Na5 {[%emt 0:11:57]} 16. Bd3 {[%emt 0:04:50]} e5 {[%emt 0:01:25]} 17. Rd1 {[%emt 0:05:13]} Be6 {[%emt 0:00:00]} 18. Rdc1 {[%emt 0:00:00]} Bc8 {[%emt 0:01:00]} 19. Rd1 {[%emt 0:01:00]} Be6 {[%emt 0:18:53]} 20. d5 {[%emt 0:01:09]} Bd7 {[%emt 0:01:05]} 21. c4 {[%emt 0:00:27]} b6 {[%emt 0:00:25]} 22. Nc3 {[%emt 0:05:02]} Nb7 {[%emt 0:00:24]} 23. Ne2 {[%emt 0:00:00]} Na5 {[%emt 0:00:36]} 24. Nc3 {[%emt 0:01:00]} Nb7 {[%emt 0:00:24]} 25. Nb5 {[%emt 0:07:21]} Qb8 {[%emt 0:00:23]} 26. a4 {[%emt 0:04:05]} a6 {[%emt 0:06:03]} 27. Nc3 {[%emt 0:00:41]} Qd6 {[%emt 0:02:10]} 28. Rd2 {[%emt 0:05:28]} Rb8 {[%emt 0:00:13]} 29. Rdb2 {[%emt 0:00:12]} Na5 {[%emt 0:00:08]} 30. Bd2 {[%emt 0:07:39]} Bf6 {[%emt 0:03:30]} 31. Ne2 {[%emt 0:06:42]} Bxa4 {[%emt 0:00:40]} 32. Bxa5 {[%emt 0:00:11]} bxa5 {[%emt 0:00:04]} 33. Qxa5 {[%emt 0:00:11]} Rxb2 {[%emt 0:11:56]} 34. Rxb2 {[%emt 0:00:02]} Bd7 {[%emt 0:00:46]} 35. Rb6 {[%emt 0:00:30]} Qe7 {[%emt 0:00:39]} 36. d6 {[%emt 0:03:50]} Qe6 {[%emt 0:03:09]} 37. Qxc5 {[%emt 0:01:24]} a5 {[%emt 0:00:46]} 38. Ra6 {[%emt 0:04:05]} Rb8 {[%emt 0:02:53]} 39. Qxa5 {[%emt 0:02:01]} Bd8 {[%emt 0:00:41]} 40. Qd5 {[%emt 0:06:02]} Bc8 {[%emt 0:03:35]} 41. Qxe6 {[%emt 0:36:03]} fxe6 {[%emt 0:30:06]} 42. c5 {[%emt 0:01:35]} Bxa6 {[%emt 0:00:05]} 43. Bxa6 {[%emt 0:00:01]} Ra8 {[%emt 0:00:43]} 44. Bb5 {[%emt 0:00:00]} Ba5 {[%emt 0:00:00]} 45. Nc1 {[%emt 0:00:00]} Rb8 {[%emt 0:00:00]} 46. Bd3 {[%emt 0:00:00]} Rb2 {[%emt 0:00:00]} 47. Kf1 {[%emt 0:01:18]} Bb4 {[%emt 0:00:00]} 48. d7 {[%emt 0:01:12]} Ba5 {[%emt 0:00:00]} 49. Ne2 {[%emt 0:07:56]} Kf7 {[%emt 0:00:00]} 50. c6 {[%emt 0:02:36]} Ke7 {[%emt 0:00:00]} 51. Ba6 {[%emt 0:01:03]} Rb6 {[%emt 0:02:22]} 52. Bd3 {[%emt 0:10:06]} Rxc6 {[%emt 0:00:04]} 53. Kf2 {[%emt 0:02:28]} Rc5 {[%emt 0:01:33]} 54. g3 {[%emt 0:01:48]} Kxd7 {[%emt 0:00:24]} 55. f4 {[%emt 0:01:17]} Bb6 {[%emt 0:01:41]} 56. Kg2 {[%emt 0:00:02]} Ke7 {[%emt 0:00:32]} 57. fxe5 {[%emt 0:00:53]} Rxe5 {[%emt 0:01:12]} 58. h4 {[%emt 0:00:26]} Ra5 {[%emt 0:00:23]} 59. g4 {[%emt 0:04:13]} Ra3 {[%emt 0:00:40]} 60. Bb1 {[%emt 0:00:17]} Re3 {[%emt 0:00:50]} 61. Kf1 {[%emt 0:01:13]} Rf3+ {[%emt 0:01:40]} 62. Ke1 {[%emt 0:00:04]} Bf2+ {[%emt 0:00:21]} 63. Kd2 {[%emt 0:00:03]} Bxh4 {[%emt 0:00:07]} 64. Bd3 {[%emt 0:00:09]} Bg5+ {[%emt 0:00:38]} 65. Kc2 {[%emt 0:00:29]} h5 {[%emt 0:00:17]} 66. gxh5 {[%emt 0:01:05]} gxh5 {[%emt 0:00:02]} 67. Bc4 {[%emt 0:00:13]} e5 {[%emt 0:02:10]} 68. Ng1 {[%emt 0:00:59]} Rg3 {[%emt 0:01:01]} 69. Ne2 {[%emt 0:00:14]} Rg2 {[%emt 0:00:04]} 70. Kd1 {[%emt 0:00:19]} h4 {[%emt 0:00:17]} 71. Ke1 {[%emt 0:00:05]} h3 {[%emt 0:00:17]} 72. Kf1 {[%emt 0:00:01]} Be3 {[%emt 0:00:06]} 73. Bd3 {[%emt 0:00:55]} Rg5 {[%emt 0:00:28]} 0-1

[Event "5th EKA IIFL Investment 2019"]
[Site "Mumbai"]
[Date "2020.01.04"]
[Round "6.35"]
[White "Jubin Jimmy"]
[Black "Audi Ameya"]
[Result "0-1"]
[WhiteElo "2193"]
[BlackElo "2360"]
[Annotator "ChessBase"]
[PlyCount "86"]
[EventDate "2019.12.30"]
[EventType "swiss"]
[EventCountry "IND"]
[SourceTitle "playchess.com"]
[Source "ChessBase"]
[SourceQuality "1"]
[TimeControl "40/5400+30:1800+30"]

1. d4 {[%emt 0:00:00]} Nf6 {[%emt 0:00:00]} 2. c4 {[%emt 0:00:00]} g6 {[%emt 0:00:00]} 3. g3 {[%emt 0:00:01]} Bg7 {[%emt 0:00:00]} 4. Bg2 {[%emt 0:00:02]} O-O {[%emt 0:00:00]} 5. Nc3 {[%emt 0:00:03]} c5 {[%emt 0:02:00]} 6. d5 {[%emt 0:00:07]} d6 {[%emt 0:00:28]} 7. Nf3 {[%emt 0:00:29]} e6 {[%emt 0:00:06]} 8. O-O {[%emt 0:02:14]} exd5 {[%emt 0:00:04]} 9. cxd5 {[%emt 0:00:06]} Re8 {[%emt 0:00:07]} 10. Nd2 {[%emt 0:01:28]} a6 {[%emt 0:02:11]} 11. a4 {[%emt 0:00:18]} Nbd7 {[%emt 0:00:04]} 12. Nc4 {[%emt 0:01:10]} Ne5 {[%emt 0:00:08]} 13. Nxe5 {[%emt 0:00:24]} Rxe5 {[%emt 0:00:35]} 14. e4 {[%emt 0:02:34]} Re8 {[%emt 0:04:51]} 15. h3 {[%emt 0:09:21]} Rb8 {[%emt 0:02:31]} 16. a5 {[%emt 0:04:22]} Nd7 {[%emt 0:00:43]} 17. f4 {[%emt 0:06:16]} b5 {[%emt 0:02:55]} 18. axb6 {[%emt 0:01:19]} Nxb6 {[%emt 0:00:09]} 19. Kh2 {[%emt 0:01:37]} Nc4 {[%emt 0:09:12]} 20. Qc2 {[%emt 0:11:24]} f5 {[%emt 0:08:23]} 21. Ra2 {[%emt 0:05:43]} Rb4 {[%emt 0:00:00]} 22. Ra1 {[%emt 0:00:00]} Rb8 {[%emt 0:01:00]} 23. Ra2 {[%emt 0:01:00]} Rb4 {[%emt 0:04:08]} 24. Re1 {[%emt 0:08:35]} Bd4 {[%emt 0:24:11]} 25. Ra4 {[%emt 0:06:34]} Nb6 {[%emt 0:10:56]} 26. Ra2 {[%emt 0:09:43]} Qf6 {[%emt 0:03:05]} 27. Re2 {[%emt 0:05:23]} Kg7 {[%emt 0:00:43]} 28. Bd2 {[%emt 0:02:06]} Nc4 {[%emt 0:00:27]} 29. Bc1 {[%emt 0:00:19]} a5 {[%emt 0:03:16]} 30. b3 {[%emt 0:03:24]} Bxc3 {[%emt 0:07:44]} 31. e5 {[%emt 0:00:34]} Nxe5 {[%emt 0:01:14]} 32. Qxc3 {[%emt 0:00:44]} Ng4+ {[%emt 0:00:04]} 33. hxg4 {[%emt 0:00:36]} Qxc3 {[%emt 0:00:04]} 34. Bb2 {[%emt 0:00:20]} Qxb2 {[%emt 0:00:05]} 35. Rexb2 {[%emt 0:00:18]} fxg4 {[%emt 0:02:20]} 36. Rxa5 {[%emt 0:01:05]} c4 {[%emt 0:00:05]} 37. Ra4 {[%emt 0:02:17]} c3 {[%emt 0:03:04]} 38. Ra7+ {[%emt 0:01:48]} Bb7 {[%emt 0:01:32]} 39. Rb1 {[%emt 0:04:25]} Re2 {[%emt 0:00:46]} 40. Kg1 {[%emt 0:01:29]} c2 {[%emt 0:01:11]} 41. Rc1 {[%emt 0:31:11]} Rxb3 {[%emt 0:31:00]} 42. Kf1 {[%emt 0:00:00]} Rd2 {[%emt 0:00:00]} 43. Be4 {[%emt 0:00:00]} Rd1+ {[%emt 0:00:00]} 0-1